=LDR 00000nam 2200000 4500 =001 001026 =005 20250712031023 =035 ##$$a 0010-0725000905 =007 ta =008 250712################a##########0#ind## =020 ##$$a 978-623-307-917-4 =082 ##$$a 398.209 598 =084 ##$$a 398.209 598 SAK m =100 #$$a Sakal nguon =245 1#$$a Monyet kecil dan ikan /$c Nguon sakal =250 ##$$a Cetakan pertama =260 ##$$a Rawamangun :$b Badan pengembangan dan pembinaan bahasa,$c 2022 =300 ##$$a 20 hlm. : $b Ilus. ; $c 22,9 cm. =650 #4$$a Cerita anak indonesia-terjemahan =650 #4$$a Literasi-bahan bacaan